书目信息 |
| 题名: |
林则徐
|
|
| 作者: | ;中国电影出版社 编辑 | |
| 分册: | ||
| 出版信息: | 北京 编者 1979 |
|
| 页数: | 409页 | |
| 开本: | 20cm | |
| 丛书名: | ||
| 单 册: | ||
| 中图分类: | J905.2 | |
| 科图分类: | ||
| 主题词: | 电视--艺术--电视--艺术 | |
| 电子资源: | ||
| ISBN: | ||
| 000 | 00639nam0 2200241 45 | |
| 001 | 0179002805 | |
| 005 | 20060817153122.56 | |
| 010 | @b精装@dCNY2.30 | |
| 091 | @a8061.1293 | |
| 100 | @a19950801d1979 em y0chiy0121 ea | |
| 101 | 0 | @achi |
| 102 | @aCN@b110000 | |
| 105 | @ay z 000yy | |
| 106 | @ar | |
| 200 | 10 | @a林则徐@Alin ze xu@e从剧本到影片@f中国电影出版社编辑 |
| 205 | @a2版 | |
| 210 | @a北京@c编者@d1979 | |
| 215 | @a409页@d20cm | |
| 606 | 0 | @a电视@x艺术@a电视@x艺术 |
| 690 | @aJ905.2@v3 | |
| 711 | 02 | @a中国电影出版社@Azhong guo dian ying chu ban she@4编辑 |
| 801 | 0 | @aCN@bNLC@c20060817 |
| 905 | @dJ905.2@e138@f1@b26800 | |
| 林则徐:从剧本到影片/中国电影出版社编辑.-2版.-北京:编者,1979 |
| 409页;20cm |
| ISBN (精装):CNY2.30 |
| ● |
| 相关链接 |
|
|
|
|
正题名:林则徐
索取号:J905.2/138
 
预约/预借
| 序号 | 登录号 | 条形码 | 馆藏地/架位号 | 状态 | 备注 |
| 1 | 0026800 | 001218783 | 第一借阅区/ [索取号:J905.2/138] | 在馆 |